| Tag |
First Indicator |
Second Indicator |
Subfields |
| LEADER |
00000cam a22000004a 4500 |
| 001 |
in00002402021 |
| 005 |
20151109092857.0 |
| 008 |
071108s2008 enk b 001 0 eng |
| 010 |
|
|
|a 2007046309
|
| 020 |
|
|
|a 9780415394208 (pbk.)
|
| 020 |
|
|
|a 0415394201 (pbk.)
|
| 020 |
|
|
|a 9780415394192 (hardback)
|
| 020 |
|
|
|a 0415394198 (hardback)
|
| 020 |
|
|
|a 9780203927335 (e book)
|
| 020 |
|
|
|a 0203927338 (e book)
|
| 029 |
1 |
|
|a NLGGC
|b 306077914
|
| 035 |
|
|
|a (OCoLC)ocn181368810
|
| 035 |
|
|
|a (OCoLC)181368810
|
| 040 |
|
|
|a DLC
|c DLC
|d BAKER
|d YDXCP
|d BWK
|d BTCTA
|d C#P
|d BWX
|d CDX
|d UtOrBLW
|
| 049 |
|
|
|a TXAM
|
| 050 |
0 |
0 |
|a JZ5538
|b .R526 2008
|
| 082 |
0 |
0 |
|a 327.1/7
|2 22
|
| 100 |
1 |
|
|a Richmond, Oliver P.
|
| 245 |
1 |
0 |
|a Peace in international relations /
|c Oliver P. Richmond.
|
| 264 |
|
1 |
|a London ;
|a New York :
|b Routledge,
|c 2008.
|
| 300 |
|
|
|a 218 pages ;
|c 24 cm.
|
| 336 |
|
|
|a text
|b txt
|2 rdacontent
|
| 337 |
|
|
|a unmediated
|b n
|2 rdamedia
|
| 338 |
|
|
|a volume
|b nc
|2 rdacarrier
|
| 490 |
1 |
|
|a Routledge studies in peace and conflict resolution
|
| 504 |
|
|
|a Includes bibliographical references (pages [195]-213) and index.
|
| 650 |
|
0 |
|a Peace.
|
| 650 |
|
0 |
|a Peace-building.
|
| 650 |
|
0 |
|a International relations.
|
| 830 |
|
0 |
|a Routledge studies in peace and conflict resolution.
|
| 938 |
|
|
|a Baker & Taylor
|b BKTY
|c 160.00
|d 160.00
|i 0415394198
|n 0007596250
|s active
|
| 938 |
|
|
|a Baker & Taylor
|b BKTY
|c 42.95
|d 42.95
|i 0415394201
|n 0007171907
|s active
|
| 938 |
|
|
|a Blackwell Book Service UK
|b BBUK
|n L8787153
|c 80.00
|
| 938 |
|
|
|a Baker and Taylor
|b BTCP
|n 2007046309
|
| 938 |
|
|
|a Blackwell Book Service
|b BBUS
|n R7722733
|c $42.95
|
| 938 |
|
|
|a Coutts Information Services
|b COUT
|n 5612839
|c 42.95 USD
|
| 938 |
|
|
|a YBP Library Services
|b YANK
|n 100494439
|
| 945 |
|
|
|a PromptCat
|b 477905
|
| 946 |
|
|
|a stk
|
| 947 |
|
|
|a A14836719090
|
| 994 |
|
|
|a 92
|b TXA
|
| 948 |
|
|
|a cataloged
|b h
|c 2008/8/14
|d c
|e jlanham
|f 12:30:34 pm
|
| 999 |
|
|
|a MARS
|
| 999 |
f |
f |
|s b578a770-d36c-3d27-aed8-4c796e381eed
|i f939e8ed-c614-3846-8c98-a162e56beaa8
|t 0
|
| 952 |
f |
f |
|p ric
|a Texas A&M University
|b Rellis Campus
|c Joint Library Facility
|d Remote Storage
|t 0
|e JZ5538 .R526 2008
|h Library of Congress classification
|i unmediated -- volume
|m A14836719090
|
| 998 |
f |
f |
|a JZ5538 .R526 2008
|t 0
|l Remote Storage
|